Countries Closest to Comoros - Sudden Death - Statistics

General Stats
  • This quiz has been taken 20 times
  • The average score is 6 of 15
Answers on the Grid
Answers color-coded by a green-red scale on the quiz's grid according to % correct below.
Seychelles
Mauritius
Madagascar
Somalia
Tanzania
Uganda
Kenya
Democratic Republic of the Congo
Zambia
Malawi
Mozambique
Zimbabwe
Rwanda
Ethiopia
Burundi
South Africa
Lesotho
Eswatini
Botswana
Namibia
Republic of the Congo
Angola
Central African Republic
Cameroon
Sudan
South Sudan
Eritrea
Djibouti
Maldives
Yemen
 
Answer Stats
Answer % Correct
Mozambique
83%
Madagascar
67%
Mauritius
67%
Tanzania
58%
Kenya
50%
Seychelles
42%
Zambia
42%
Malawi
33%
Zimbabwe
33%
Burundi
25%
Rwanda
25%
Democratic Republic of the Congo
17%
Ethiopia
17%
Somalia
17%
Uganda
17%
No matching quizzes found
Score Distribution
Percent of People with Each Score
Percentile by Number Answered
Your Score History
You have not taken this quiz